Immigration and support for redistribution: Lessons from Europe (Record no. 525263)

000 -LEADER
fixed length control field 01444nam a22001457a 4500
008 - FIXED-LENGTH DATA ELEMENTS--GENERAL INFORMATION
fixed length control field 240220b ||||| |||| 00| 0 eng d
100 ## - MAIN ENTRY--PERSONAL NAME
Personal name Cavaillé, Charlotte and Straeten, Karine Van Der
245 ## - TITLE STATEMENT
Title Immigration and support for redistribution: Lessons from Europe
260 ## - PUBLICATION, DISTRIBUTION, ETC. (IMPRINT)
Place of publication, distribution, etc Journal of Economic Literature
300 ## - PHYSICAL DESCRIPTION
Extent 61(3), Sep, 2023: p.958-976
520 ## - SUMMARY, ETC.
Summary, etc Research shows that opposition to policies that redistribute across racial divides has affected the development of the American welfare state. Are similar dynamics at play in Western Europe? For many scholars, the answer is yes. In contrast, we argue that researchers' understanding of the political economy of redistribution in diversifying European countries is too incomplete to reach a conclusion on this issue. First, existing evidence is inconsistent with the assumption—ubiquitous in this line of research—of a universal distaste for sharing resources with people who are culturally, ethnically, and racially different. Second, important historical and institutional differences between the United States and Europe preclude any straightforward transposition of the American experience to the European case. We discuss what we see as the most promising lines of inquiry going forward.- Reproduced

https://www.aeaweb.org/articles?id=10.1257/jel.20221708
773 ## - HOST ITEM ENTRY
Main entry heading Journal of Economic Literature
906 ## - LOCAL DATA ELEMENT F, LDF (RLIN)
Subject DIP RACE DISCRIMINATION
942 ## - ADDED ENTRY ELEMENTS (KOHA)
Item type Articles
Holdings
Withdrawn status Lost status Source of classification or shelving scheme Damaged status Not for loan Permanent location Current location Date acquired Serial Enumeration / chronology Barcode Date last seen Koha item type
          Indian Institute of Public Administration Indian Institute of Public Administration 2024-02-20 61(3), Sep, 2023: p.958-976 AR131071 2024-02-20 Articles

Powered by Koha